000 01481nam a22001457a 4500
999 _c520727
_d520727
008 221011b ||||| |||| 00| 0 eng d
100 _aKandikuppa, Sandeep
_934850
245 _aClass and vulnerability to debt in rural India: A statistical overview
260 _aRural Sociology
300 _a87(2), Jun, 2022: p.454-488
520 _aRural indebtedness is a major development challenge confronting India. In 2018, scores of farmers protested rising household debt, and the popular coverage of the time asserted that farmers were under crushing debt. Combining data from the All-India Debt and Investment Survey with other sources and using a class analysis, I interrogate this “crushing debt” narrative. Rural households, depending on the socioeconomic and contextual vulnerabilities that they experience, are indebted in different ways. The rural elite borrow more loans and have higher loan amounts, while asset-poor households are more dependent on informal credit sources and also pay higher rates of interest. Households from the wage worker class are more likely to be over-indebted relative to others. I further find that petty commodity producers bear less debt burden and are less likely to be over-indebted relative to other classes. These findings underscore the fact that rural indebtedness is a nuanced problem that manifests in a multitude of ways across India. – Reproduced
773 _aRural Sociology
906 _aRURAL DEVELOPMENT
942 _cAR